International law and the environment

Αποθηκεύτηκε σε:
Λεπτομέρειες βιβλιογραφικής εγγραφής
Κύριοι συγγραφείς: Birnie, Patricia W (Συγγραφέας), Boyle, Alan E (Συγγραφέας)
Μορφή: Βιβλίο
Γλώσσα:Αγγλικά
Έκδοση: Nueva York Oxford University 2002
Έκδοση:2a. ed
Θέματα:
Ετικέτες: Προσθήκη ετικέτας
Δεν υπάρχουν, Καταχωρήστε ετικέτα πρώτοι!

MARC

LEADER 00000nam a2200000 a 4500
001 UCK7961
003 CL-VaPUC
008 060105e20020000US |||||||||||||||||eng|d
020 |a 0198765533 
082 0 4 |a 341.762  |b BIR  |2 21 
100 0 |a Birnie, Patricia W  |e author  |9 497694 
700 0 |a Boyle, Alan E  |e author  |9 497695 
245 1 0 |a International law and the environment 
250 |a 2a. ed 
300 |a 798 p 
942 |c BK 
945 |d 20060105 00:00:00  |a cmena 
260 |a Nueva York  |b Oxford University  |c 2002 
650 0 |a Protección del medio ambiente  |9 257626 
650 0 |a Derecho internacional  |9 255637 
650 0 |a Recursos naturales  |9 255232 
650 0 |a Tratados internacionales   |9 256056 
583 |a last modification  |c 20060105 00:00:00  |k Rodrigo Vera 
999 |c 315799  |d 315797 
952 |0 0  |1 0  |4 0  |6 341_762000000000000_BIR_2002  |7 0  |8 A  |9 389571  |a BIBDER  |b BIBDER  |d 2019-11-22  |i 4197399  |o 341.762 BIR 2002  |p 4197399  |r 2023-01-25  |w 2019-11-22  |y BK  |k DER 
952 |0 0  |1 0  |4 0  |6 341_762000000000000_BIR_2002  |7 0  |8 A  |9 389572  |a BIBDER  |b BIBDER  |d 2019-11-22  |i 4498852  |o 341.762 BIR 2002  |p 4498852  |r 2019-11-22  |w 2019-11-22  |y BK  |k DER